[Event "EU-ch Schools U11"]
[Site "Tornelo INT"]
[Date "2021.12.05"]
[Round "6"]
[White "Ghviniashvili, Nodar"]
[Black "Calin, Mihai Octavian"]
[Result "1-0"]
[WhiteElo "1146"]
[BlackElo "1283"]
[PlyCount "93"]
[EventDate "2021.12.03"]
[EventType "swiss (rapid)"]
[EventRounds "7"]
[EventCountry "NET"]
[SourceTitle "EXT 2023"]
[Source "ChessBase"]
[SourceDate "2022.10.05"]
[SourceVersion "1"]
[SourceVersionDate "2022.10.05"]
[SourceQuality "1"]

1. d4 Nf6 2. c4 e5 3. dxe5 Ng4 4. Nf3 Nc6 5. Bf4 Bb4+ 6. Nbd2 Qe7 7. a3 Ngxe5 8. Nxe5 Nxe5 9. Bxe5 Bxd2+ 10. Qxd2 Qxe5 11. e3 0-0 12. Bd3 d6 13. 0-0 Qg5 14. f4 Qf6 15. Rae1 Re8 16. Rf3 Bd7 17. Rg3 Re7 18. Be2 Rae8 19. Bf3 c6 20. Bg4 Bxg4 21. Rxg4 g6 22. h4 Qe6 23. Rg3 d5 24. c5 Qf6 25. Rh3 d4 26. b4 dxe3 27. Rhxe3 Qxf4 28. Rxe7 Qxd2 29. Rxe8+ Kg7 30. R1e7 Qc1+ 31. Kh2 Qxa3 32. Rxb7 Qa2 33. Ree7 Qb3 34. Rxa7 Kf6 35. Rxf7+ Qxf7 36. Rxf7+ Kxf7 37. Kg3 Ke6 38. Kf4 h6 39. Ke4 Kf6 40. Kd4 Kf5 41. Kc4 Kg4 42. b5 Kxh4 43. bxc6 Kg3 44. c7 Kxg2 45. c8Q h5 46. Qg8 Kh3 47. Qxg6 1-0